Mšice na kulturních plodinách : zelenina /

Hlavní autor: Fryč, David, 1988-
Korporativní autor: Ústřední kontrolní a zkušební ústav zemědělský. Diagnostická laboratoř Opava
Další autoři: Rychlý, Svatopluk
Jazyk: Čeština
Vydáno: Opava : Ústřední kontrolní a zkušební ústav zemědělský, 2018
Vydání: 1. vydání
Témata:
Fyzický popis: 85 stran : ilustrace (převážně barevné) ; 21 cm
Knihy
Uloženo v:
LEADER 02188nam a2200541 i 4500
001 nkc20183003340
003 CZ PrNK
005 20190709155153.0
007 ta
008 180622s2018 xr a f 000 0 cze
015 |a cnb003003340 
020 |a 978-80-7401-158-0  |q (brožováno) 
035 |a (OCoLC)1107836701 
040 |a OLA001  |b cze  |e rda 
072 7 |a 632  |x Ochrana rostlin. Fytopatologie  |2 Konspekt  |9 24 
080 |a 632.752  |2 MRF 
080 |a 632.6/.7  |2 MRF 
080 |a 635.1/.8  |2 MRF 
080 |a (048.8)  |2 MRF 
100 1 |a Fryč, David,  |d 1988-  |7 ola2017960681  |4 aut 
245 1 0 |a Mšice na kulturních plodinách :  |b zelenina /  |c autoři: David Fryč, Svatopluk Rychlý 
246 1 |i Název v tiráži:  |a Mšice na kulturních plodinách: zelenina 
250 |a 1. vydání 
264 1 |a Opava :  |b Ústřední kontrolní a zkušební ústav zemědělský,  |c 2018 
300 |a 85 stran :  |b ilustrace (převážně barevné) ;  |c 21 cm 
336 |a text  |b txt  |2 rdacontent 
336 |a statický obraz  |b sti  |2 rdacontent 
337 |a bez média  |b n  |2 rdamedia 
338 |a svazek  |b nc  |2 rdacarrier 
500 |a 300 výtisků 
504 |a Obsahuje bibliografii a bibliografické odkazy 
550 |a Vydavatel: Ústřední kontrolní a zkušební ústav zemědělský, sekce rostlinolékařské péče, odbor diagnostiky, diagnostická laboratoř Opava 
650 0 7 |a mšice  |7 ph184834  |2 czenas 
650 0 7 |a škůdci rostlin  |7 ph127823  |2 czenas 
650 0 7 |a zelenina  |7 ph116750  |2 czenas 
650 0 9 |a aphids  |2 eczenas 
650 0 9 |a pests of plants  |2 eczenas 
650 0 9 |a vegetables  |2 eczenas 
655 7 |a přehledy  |7 fd133202  |2 czenas 
655 9 |a surveys  |2 eczenas 
700 1 |a Rychlý, Svatopluk  |7 ola20191035003  |4 aut 
710 2 |a Ústřední kontrolní a zkušební ústav zemědělský.  |b Diagnostická laboratoř Opava  |7 mzk20191037457  |4 isb 
910 2 |a BOA001  |b 2-1426.319 
990 |a BK 
995 |a 01 
991 |b 201905  |c NOV 
996 6 |b 2610780344  |c 2-1426.319  |l MZK  |r Sklad / do 1 hodiny  |n 0  |p p.v.  |w 001721380  |u 000010  |a 1  |e BOA001  |j MZK50  |s P 
996 7 |b 2610780345  |c 2-1426.319  |l MZK  |r Sklad / do 1 hodiny  |n 0  |p p.v.  |w 001721380  |u 000020  |a 1  |e BOA001  |j MZK50  |s A